000 00591nam a2200169 a 4500
001 000038362
003 DO-SdBNP
005 20250714105825.0
008 130409s1991 dr ad 000 0 spa d
040 _aDO-SdBNP
_bspa
_cBNPHU
110 2 _aBanco Central de la República Dominicana
_983405
245 0 0 _aBanco central de la República Dominicana :
_bMemeria 1991.
260 _aSanto Domingo :
_bBanco central de la República Dominicana,
_c1991.
300 _a111 p. :
_bil., gráf. ;
_c29 cm.
500 _acuadragesimo cuarto ejercicio 1991 enero 1ro. a diciembre 31
942 _2ddc
_cLBS1
999 _c37852
_d37852